000
00319nam a22001097a 4500
008
150930b xxu||||| |||| 00| 0 eng d
020
_a
0134893603
041
0
_a
eng
080
_a
316.77
245
1
0
_a
Interpersonal communication :
_c
Steven A. Beebe, Susan J. Beebe, Mark V. Redmond.
942
_2
udc
_c
BK
999
_c
1206
_d
1206